A second course in stochastic processes

Αποθηκεύτηκε σε:
Λεπτομέρειες βιβλιογραφικής εγγραφής
Κύριος συγγραφέας: Karlin, Samuel 1923-
Άλλοι συγγραφείς: Taylor, Howard M.
Μορφή: Βιβλίο
Γλώσσα:English
Δημοσίευση: San Diego, Calif. : Academic Press, c1981
Θέματα:
Ετικέτες: Προσθήκη ετικέτας
Δεν υπάρχουν, Καταχωρήστε ετικέτα πρώτοι!

MARC

LEADER 00000nam a2200000 i 4500
001 1/16361
008 010126s1981 eng d
020 |a 0-12-398650-8 
035 |l 10065746 
040 |a GR-MY-UA  |b gre  |e aacr 
041 0 |a eng 
082 0 |a 519.2 
100 1 |a Karlin, Samuel  |d 1923- 
245 1 2 |a A second course in stochastic processes /  |c Samuel Karlin, Howard M. Taylor 
260 |a San Diego, Calif. :   |b Academic Press,   |c c1981 
300 |a xviii, 542 p.;  |b ill.;  |c 24 cm. 
500 |a Continues A first course in stochastic processes 
504 |a Includes bibliographical references and index 
650 0 0 |a Stochastic processes. 
700 1 |a Taylor, Howard M. 
852 |a INST  |b SAMOS  |e 20010126  |h 519.2 KAR  |p 005300018196  |q 005300018196  |t BK  |y 0 
852 |a INST  |b SAMOS  |e 20010126  |h 519.2 KAR  |p 005300018197  |q 005300018197  |t BK  |y 0 
852 |a INST  |b SAMOS  |e 20010203  |h 519.2 KAR  |p 005300022077  |q 005300022077  |t BK  |y 23 
852 |a INST  |b SAMOS  |e 20010203  |h 519.2 KAR  |p 005300022078  |q 005300022078  |t BK  |y 0 
852 |a INST  |b SAMOS  |e 20010203  |h 519.2 KAR  |p 005300022079  |q 005300022079  |t BK  |y 0 
901 |a BIBL3-2001-1 
909 |a Σ  |b 081865 
909 |a Σ  |b 081864 
909 |a Σ  |b 081425 
909 |a Σ  |b 081426 
909 |a Σ  |b 081863 
922 |a 3ΕΛΗ  |b 200011  |c ΤΣΑΕ  |d ΠΑΠΑΣΩΤΗΡΙΟΥ 
970 |a ΠΟΥΡΝΑΡΑΣ  |b ΔΗΜΗΤΡΗΣ  |z 2001/01/26